000 00757nam a2200241 i 4500
001 147434
003 ES-MaACL
005 20240306143738.0
007 t|
008 071001s1915 sp ||||1| spa d
080 _a129
080 _a27:1
080 _a27-185.2
100 1 _aUnamuno, Miguel de,
_d1864-1936
_9111982
245 1 0 _aDel sentimiento trágico de la vida /
_cMiguel de Unamuno.
260 _aMadrid :
_bRenacimiento.,
_c[1915] (
_fPérez de Velasco)
300 _a320 p. ;
_c19 cm.
650 4 _aInmortalidad
_913785
650 4 _aCristianismo y filosofía.
_9165171
650 4 _aLo trágico-
_xAspectos religiosos-
_xCristianismo.
_9165172
852 _aES-MaACL
_jD-1222
_z- Faltan las primeras 8 páginas
999 _c147434
_d147434